Normal view
MARC view
- BROMBACHER, A. C
Entry Personal Name
001 - CONTROL NUMBER
- control field: 67441
003 - CONTROL NUMBER IDENTIFIER
- control field: NUST
005 - DATE AND TIME OF LATEST TRANSACTION
- control field: 20210628203825.0
008 - FIXED-LENGTH DATA ELEMENTS
- fixed length control field: 210628|| aca||aabn | a|a d
040 ## - CATALOGING SOURCE
- Original cataloging agency: NUST
- Transcribing agency: NUST
100 ## - HEADING--PERSONAL NAME
- Personal name: BROMBACHER, A. C
670 ## - SOURCE DATA FOUND
- Source citation: Work cat.: (NUST): BROMBACHER, A. C, RELIABILITY BY DESIGN, CAE TECHNIQUES FOR ELECTRONIC COMPONENTS AND SYSTEMS, 1992
